<?xml version="1.0" encoding="UTF-8"?>
<record
    xmlns:xsi="http://www.w3.org/2001/XMLSchema-instance"
    xsi:schemaLocation="http://www.loc.gov/MARC21/slim http://www.loc.gov/standards/marcxml/schema/MARC21slim.xsd"
    xmlns="http://www.loc.gov/MARC21/slim">

  <leader>02522nam a2200313   4500</leader>
  <controlfield tag="001">113673</controlfield>
  <controlfield tag="003">DR-UNIBE</controlfield>
  <controlfield tag="005">20250604100517.0</controlfield>
  <controlfield tag="008">250526b1982    dr ||||| |||| 00| 0 spa d</controlfield>
  <datafield tag="040" ind1=" " ind2=" ">
    <subfield code="a">BIBLIOTECA UNIBE</subfield>
    <subfield code="b">spa</subfield>
    <subfield code="c">BIBLIOTECA UNIBE</subfield>
    <subfield code="e">rda</subfield>
  </datafield>
  <datafield tag="041" ind1=" " ind2=" ">
    <subfield code="a">spa</subfield>
  </datafield>
  <datafield tag="082" ind1=" " ind2=" ">
    <subfield code="2">22</subfield>
    <subfield code="a">RD 972.93063 E79 1982</subfield>
  </datafield>
  <datafield tag="245" ind1="1" ind2="4">
    <subfield code="a">Los Estados Unidos y Trujillo : </subfield>
    <subfield code="b">colecci&#xF3;n de documentos del departamento de estado y de las Fuerzas Armadas norteamericanas : a&#xF1;o 1946 /</subfield>
    <subfield code="c">editor: Bernardo Vega ; composici&#xF3;n y diagramaci&#xF3;n: Nin&#xF3;n Le&#xF3;n de Saleme ; edici&#xF3;n: Jos&#xE9; Chez Checo ; &#xED;ndice onom&#xE1;stico: Jos&#xE9; Alc&#xE1;ntara Alm&#xE1;nzar</subfield>
  </datafield>
  <datafield tag="250" ind1=" " ind2=" ">
    <subfield code="a">Primera edici&#xF3;n</subfield>
  </datafield>
  <datafield tag="260" ind1=" " ind2=" ">
    <subfield code="a"> Santo Domingo :</subfield>
    <subfield code="b"> Fundaci&#xF3;n Cultural Dominicana, </subfield>
    <subfield code="c">1982</subfield>
  </datafield>
  <datafield tag="300" ind1=" " ind2=" ">
    <subfield code="a">2 tomos : </subfield>
    <subfield code="b">fotos en b/n : </subfield>
    <subfield code="c">26 x 19 cm</subfield>
  </datafield>
  <datafield tag="505" ind1=" " ind2=" ">
    <subfield code="a">Tomo I.
Introducci&#xF3;n a los tomos correspondientes a 1946 (Lic. Bernardo Vega) |
Cronolog&#xED;a de eventos |
Lista de algunos personajes mencionados en los documentos |
Fotograf&#xED;as de los personajes |
An&#xE1;lisis de la pol&#xED;tica norteamericana para Am&#xE9;rica latina en 1946 (Lic. Bernardo Vega) |
El acercamiento de Trujillo a los comunistas (Lic. Bernardo Vega) |
Los cabilderos de Trujillo (Lic. Bernardo Vega), 67 |
Las armas brasile&#xF1;as (Lic. Bernardo Vega) |
Los complots de Trujillo contra Betancourt y Grau en 1946 |
&#xCD;ndice de abreviaturas utilizadas |
&#xCD;ndice de los documentos correspondientes a 1946 |
Reproducci&#xF3;n de documentos |
&#xCD;ndice onom&#xE1;stico.
Tomo I.
Introducci&#xF3;n al Tomo II |
Trabajo - Comunismo en la Rep&#xFA;blica Dominicana. Reporte del FBI |
El regimen trujillista en la Rep&#xFA;blica Dominicana (1930-1946). Reporte del Departamento de Estado |
&#xCD;ndice onom&#xE1;stico</subfield>
  </datafield>
  <datafield tag="600" ind1=" " ind2="7">
    <subfield code="a">Trujillo Molina, Rafael Leonidas,</subfield>
    <subfield code="d">1891-1961</subfield>
    <subfield code="9">39608</subfield>
  </datafield>
  <datafield tag="651" ind1=" " ind2="7">
    <subfield code="2">lemb</subfield>
    <subfield code="a"> Rep&#xFA;blica Dominicana </subfield>
    <subfield code="x">Historia </subfield>
    <subfield code="y">Era de Trujillo 1930-1061</subfield>
    <subfield code="9">195888</subfield>
  </datafield>
  <datafield tag="651" ind1=" " ind2="7">
    <subfield code="2">lemb</subfield>
    <subfield code="a">Rep&#xFA;blica Dominicana </subfield>
    <subfield code="x">Historia</subfield>
    <subfield code="v">Fuentes</subfield>
    <subfield code="9">30123</subfield>
  </datafield>
  <datafield tag="651" ind1=" " ind2="7">
    <subfield code="a">Estados Unidos </subfield>
    <subfield code="x">Relaciones exteriores</subfield>
    <subfield code="z">Rep&#xFA;blica Dominicana</subfield>
    <subfield code="v">Fuentes</subfield>
    <subfield code="9">195889</subfield>
  </datafield>
  <datafield tag="651" ind1=" " ind2="7">
    <subfield code="2">lemb</subfield>
    <subfield code="a">Rep&#xFA;blica Dominicana</subfield>
    <subfield code="x">Pol&#xED;tica y gobierno</subfield>
  </datafield>
  <datafield tag="651" ind1=" " ind2="7">
    <subfield code="2">lemb</subfield>
    <subfield code="a">Rep&#xFA;blica Dominicana </subfield>
    <subfield code="x">Relaciones exteriores</subfield>
    <subfield code="z">Estados Unidos </subfield>
    <subfield code="v">Fuentes</subfield>
    <subfield code="9">195895</subfield>
  </datafield>
  <datafield tag="700" ind1="1" ind2="0">
    <subfield code="a">Vega, Bernardo,</subfield>
    <subfield code="d">1938-</subfield>
    <subfield code="9">1421</subfield>
    <subfield code="e">editor</subfield>
  </datafield>
  <datafield tag="700" ind1="1" ind2="0">
    <subfield code="a">Chez Checo, Jos&#xE9;</subfield>
    <subfield code="q">(Chez Checo, Jos&#xE9; Felipe),</subfield>
    <subfield code="d">1949-</subfield>
    <subfield code="9">193932</subfield>
    <subfield code="e">cuidado de la edici&#xF3;n</subfield>
  </datafield>
  <datafield tag="700" ind1="1" ind2="0">
    <subfield code="a">Le&#xF3;n de Saleme, Nin&#xF3;n</subfield>
    <subfield code="e">diagramador</subfield>
    <subfield code="q">composici&#xF3;n</subfield>
    <subfield code="9">195891</subfield>
  </datafield>
  <datafield tag="700" ind1="1" ind2="0">
    <subfield code="a">Alc&#xE1;ntara Alm&#xE1;nzar, Jos&#xE9;,</subfield>
    <subfield code="d">1946-</subfield>
    <subfield code="9">4696</subfield>
    <subfield code="e">&#xED;ndice onom&#xE1;stico</subfield>
  </datafield>
  <datafield tag="942" ind1=" " ind2=" ">
    <subfield code="2">ddc</subfield>
    <subfield code="c">BK</subfield>
  </datafield>
  <datafield tag="999" ind1=" " ind2=" ">
    <subfield code="c">113673</subfield>
    <subfield code="d">113673</subfield>
  </datafield>
  <datafield tag="952" ind1=" " ind2=" ">
    <subfield code="0">0</subfield>
    <subfield code="1">0</subfield>
    <subfield code="2">ddc</subfield>
    <subfield code="7">0</subfield>
    <subfield code="8">GEN-RD</subfield>
    <subfield code="a">Principal</subfield>
    <subfield code="d">2025-04-08</subfield>
    <subfield code="l">0</subfield>
    <subfield code="o">RD 972.93063 E79 1982</subfield>
    <subfield code="p">250637</subfield>
    <subfield code="r">2025-05-26 09:14:29</subfield>
    <subfield code="t">T.I, Ej.1</subfield>
    <subfield code="w">2025-05-26</subfield>
    <subfield code="y">BK</subfield>
  </datafield>
  <datafield tag="952" ind1=" " ind2=" ">
    <subfield code="0">0</subfield>
    <subfield code="1">0</subfield>
    <subfield code="2">ddc</subfield>
    <subfield code="7">0</subfield>
    <subfield code="8">GEN-RD</subfield>
    <subfield code="a">Principal</subfield>
    <subfield code="d">2025-04-08</subfield>
    <subfield code="l">0</subfield>
    <subfield code="o">RD 972.93063 E79 1982</subfield>
    <subfield code="p">250638</subfield>
    <subfield code="r">2025-05-26 09:14:29</subfield>
    <subfield code="t">T.II, Ej.1</subfield>
    <subfield code="w">2025-05-26</subfield>
    <subfield code="y">BK</subfield>
  </datafield>
</record>
